Normal Countries Quiz Stats

 Plays Quiz Updated Jul 14, 2016

Also try: Largest Countries
Challenge
Share
Tweet
Embed
Score 0/67 Timer 07:00
11 Plays Today
Country % Correct
Sweden
77.5%
Norway
76.7%
Finland
76.4%
Austria
73.6%
Portugal
72.7%
New Zealand
71.6%
Greece
70.3%
Belgium
69.5%
Switzerland
69.1%
Ireland
67.8%
Latvia
66.6%
Cuba
66.6%
Hungary
66.6%
Netherlands
66.3%
Uruguay
66.3%
Slovakia
66%
Czechia
65.7%
Paraguay
65.6%
Lithuania
65.5%
Panama
64%
Honduras
63.8%
Albania
63.2%
Romania
63.1%
Croatia
63%
Laos
62.7%
Serbia
61.5%
Bulgaria
61.3%
Oman
59.8%
Belarus
59.6%
Guatemala
58.5%
Costa Rica
58.5%
Ecuador
58.3%
Nicaragua
57.5%
Armenia
56.9%
Country % Correct
Jordan
56.5%
Haiti
56.5%
Cambodia
56.2%
Azerbaijan
55.4%
Syria
55.2%
Georgia
54%
Dominican Republic
51.8%
Turkmenistan
51.1%
Bosnia and Herzegovina
50.3%
Zimbabwe
50.1%
Tajikistan
49.5%
Guinea
48.8%
Tunisia
48.7%
Macedonia
48.4%
Rwanda
47.7%
United Arab Emirates
46.8%
Togo
46.1%
Kyrgyzstan
45.9%
Cameroon
45.8%
Benin
45.6%
Cote d'Ivoire
45.4%
Moldova
45.4%
Eritrea
45.1%
Senegal
44.5%
Liberia
43.9%
Sri Lanka
42.1%
Malawi
39.7%
Papua New Guinea
39.6%
Burundi
38.4%
Burkina Faso
37.6%
Lesotho
37.3%
Sierra Leone
36.9%
Republic of the Congo
29.6%

You're not logged in!

Compare scores with friends on all Sporcle quizzes.
OR
Log In

You Might Also Like...

Show Comments

Extras

Top Quizzes Today


Score Distribution

Your Account Isn't Verified!

In order to create a playlist on Sporcle, you need to verify the email address you used during registration. Go to your Sporcle Settings to finish the process.

Report this User

Report this user for behavior that violates our Community Guidelines.

Details: